Normal view MARC view

Entry Personal Name

Number of records used in: 40

001 - CONTROL NUMBER

  • control field: 1237511

003 - CONTROL NUMBER IDENTIFIER

  • control field: OSt

005 - DATE AND TIME OF LATEST TRANSACTION

  • control field: 20260430150435.0

008 - FIXED-LENGTH DATA ELEMENTS

  • fixed length control field: 260430|| aca||aabn | a|a d

040 ## - CATALOGING SOURCE

  • Original cataloging agency: OSt
  • Transcribing agency: OSt

100 ## - HEADING--PERSONAL NAME

  • Personal name: University of Delhi. Faculty of Commerce and Business Studies. Deptt. of commerce

670 ## - SOURCE DATA FOUND

  • Source citation: Work cat.: (OSt)1849783: Malhotra Suzanee Au.; Jain Abhay Gu.; Jain Sanjay K. Gu. 1237510, Brand Love, its Antecedents and Consequences: An Empirical Study with Reference to Hedonic and Utilitarian Products, 2022
Copyright @ Delhi University Library System